Just another world Map without 12 Countries - Statistics

General Stats
  • This quiz has been taken 24 times
  • The average score is 10 of 12
Answers on the Map
Answers color-coded by a green-red scale on the quiz's map according to % correct below.
 
Answer Stats
Country % Correct
Sao Tome and Principe
95%
Dominican Republic
90%
Haiti
90%
Iceland
86%
Jamaica
86%
Maldives
81%
Palau
81%
Seychelles
81%
Taiwan
81%
Nauru
71%
Qatar
62%
East Timor
52%
No matching quizzes found
Score Distribution
Percent of People with Each Score
Percentile by Number Answered
Your Score History
You have not taken this quiz